Poľnohospodárske podniky bez pôdy - stratégia alebo záľuba?

Autori príspevku hľadajú odpoveď na otázku - čo vedie poľnohospodárske subjekty k stratégii podnikania bez pôdy; je to šetrenie výdavkov na nákup alebo prenájom pôdy, zjednodušenie hmotného majetku, ľahšia možnosť dosiahnuť úspory z rozsahu hlavnej činnosti pri nákupe produktov pochádzajúcich z rast...

ver descrição completa

Na minha lista:
Detalhes bibliográficos
Autor principal: Grznár, Miroslav
Outros Autores: Szabo, Ľuboslav
Formato: Capítulo de Livro
Idioma:eslovaco
Assuntos:
Tags: Adicionar Tag
Sem tags, seja o primeiro a adicionar uma tag!

MARC

LEADER 00000naa$a2200000$$$4500
001 0173579
005 20240502072946.2
041 0 |a slo 
044 |a SK 
245 1 0 |a Poľnohospodárske podniky bez pôdy - stratégia alebo záľuba?  |c Miroslav Grznár, Ľuboslav Szabo 
520 |a Autori príspevku hľadajú odpoveď na otázku - čo vedie poľnohospodárske subjekty k stratégii podnikania bez pôdy; je to šetrenie výdavkov na nákup alebo prenájom pôdy, zjednodušenie hmotného majetku, ľahšia možnosť dosiahnuť úspory z rozsahu hlavnej činnosti pri nákupe produktov pochádzajúcich z rastlinnej výroby, alebo iné faktory? Efekty hospodárenia podnikov bez pôdy v SR. 
610 2 0 |a podnik poľnohospodársky 
610 2 0 |a situácia hospodárska 
610 2 0 |a zhodnotenie majetku 
610 2 0 |a spotreba 
610 2 0 |a efektívnosť 
610 2 0 |a Slovensko 
100 1 |a Grznár, Miroslav 
700 1 |a Szabo, Ľuboslav